[Event "FIDE World Rapid Team"]
[Site "Almaty KAZ"]
[Date "2024.08.04"]
[Round "9.22"]
[White "Hong, Andrew"]
[Black "Shogdzhiev, Roman"]
[Result "1-0"]
[WhiteTitle "GM"]
[BlackTitle "CM"]
[WhiteElo "2572"]
[BlackElo "2124"]
[WhiteTeam "GMHans.com"]
[BlackTeam "Rookies"]
[WhiteFideId "2099438"]
[BlackFideId "55653537"]
[EventDate "2024.08.02"]

1. e4 c5 2. Nf3 d6 3. d4 cxd4 4. Nxd4 Nf6 5. Nc3 a6 6. Rg1 b5 7. a4 b4 8. Nd5
Nxd5 9. exd5 g6 10. Be3 Bg7 11. Qd2 a5 12. Bb5+ Bd7 13. Bh6 O-O 14. g4 e5 15.
dxe6 Bxe6 16. O-O-O Bxh6 17. Qxh6 Qf6 18. Rg3 d5 19. Rf3 Qg7 20. Qf4 Nd7 21. h4
Ne5 22. Re3 Nc4 23. Bxc4 dxc4 24. Nxe6 fxe6 25. Qxc4 Rxf2 26. Rxe6 Kh8 27. Rde1
Rff8 28. Re7 Qf6 29. Kb1 Rac8 30. Qb5 Qxh4 31. R1e6 Qh1+ 32. Ka2 Qh2 33. Qb6 Qf4
34. Re4 Qf6 35. Qxa5 Rxc2 36. Qxb4 Rcc8 37. Rb7 Rf7 38. a5 Qg7 39. Ree7 Rxe7 40.
Rxe7 Qf6 41. Qb7 Rd8 42. Rxh7+ Kg8 43. Qe7 Qxe7 44. Rxe7 Rd4 45. Kb3 Kf8 46. Rb7
Rd3+ 47. Kc4 Rd6 48. b4 1-0

[Event "FIDE World Rapid Team"]
[Site "Almaty KAZ"]
[Date "2024.08.04"]
[Round "9.23"]
[White "Bivol, Alina"]
[Black "Salimova, Nurgyul"]
[Result "1-0"]
[WhiteTitle "IM"]
[BlackTitle "IM"]
[WhiteElo "2345"]
[BlackElo "2412"]
[WhiteTeam "Rookies"]
[BlackTeam "GMHans.com"]
[WhiteFideId "4100123"]
[BlackFideId "2915138"]
[EventDate "2024.08.02"]

1. e4 c6 2. d4 d5 3. Nc3 dxe4 4. Nxe4 Nf6 5. Nxf6+ exf6 6. c3 Bd6 7. Bd3 O-O 8.
Qc2 Re8+ 9. Ne2 h5 10. O-O h4 11. h3 Nd7 12. Bd2 Nf8 13. Rae1 Bd7 14. c4 Rc8 15.
f4 g6 16. f5 g5 17. Qd1 Nh7 18. c5 Bb8 19. Bc4 Qc7 20. g3 b5 21. Bb3 hxg3 22.
Kg2 Re4 23. Nc3 Rxe1 24. Bxe1 Re8 25. Qg4 Qd8 26. Bd2 Bc8 27. Re1 Rxe1 28. Bxe1
Qd7 29. Bc2 b4 30. Ne2 Qd5+ 31. Qe4 Qd7 32. Bxb4 Ba6 33. Bb3 Bxe2 34. Qxe2 Kg7
35. Qe4 Bf4 36. Ba4 Qb7 37. Bc3 Qa6 38. Bxc6 Qxa2 39. Bd5 Qa4 40. Qe2 Qd7 41.
Be4 Bc7 42. d5 Bf4 43. d6 Nf8 44. Bb4 Qa4 45. Bc3 Nd7 46. c6 Bxd6 47. cxd7 Qxd7
48. Qd2 Qe7 49. Qxg5+ Kf8 50. Qh6+ Kg8 51. Bf3 Be5 52. Qd2 Kg7 53. h4 Qc5 54. h5
Bxc3 55. bxc3 Qxf5 56. c4 a5 57. h6+ Kh7 58. Bd5 a4 59. c5 Qh5 60. Kxg3 Qe5+ 61.
Kg2 a3 62. c6 f5 63. Kh3 Qd6 64. Qg5 1-0

[Event "FIDE World Rapid Team"]
[Site "Almaty KAZ"]
[Date "2024.08.04"]
[Round "9.24"]
[White "Mero, Aghiad."]
[Black "Berikkyzy Alanna"]
[Result "1-0"]
[BlackTitle "WCM"]
[WhiteElo "1817"]
[BlackElo "1869"]
[WhiteTeam "GMHans.com"]
[BlackTeam "Rookies"]
[WhiteFideId "7608420"]
[BlackFideId "13780719"]
[EventDate "2024.08.02"]

1. d4 Nf6 2. c4 e6 3. Nc3 d5 4. Bg5 Bb4 5. Qa4+ Nc6 6. e3 h6 7. Bh4 g5 8. Bg3
Ne4 9. Qc2 h5 10. cxd5 exd5 11. f3 Nxg3 12. hxg3 Be6 13. Bb5 Qd6 14. Ne2 O-O-O
15. a3 Bxc3+ 16. Qxc3 Ne7 17. Qc5 Qxc5 18. dxc5 c6 19. Bd3 Bf5 20. Rd1 Rde8 21.
Nd4 Bd7 22. Kf2 f5 23. Rh2 Rh6 24. Rdh1 Reh8 25. b4 a6 26. a4 Kc7 27. Ke2 Kd8
28. Rb1 Kc7 29. Kd2 h4 30. Rbh1 Rh5 31. gxh4 Rxh4 32. Rxh4 gxh4 33. Ke2 Kd8 34.
Kf2 Ke8 35. f4 Kf7 36. Nf3 Ng6 37. Rb1 Ra8 38. Rb3 Kf6 39. Kg1 Ra7 40. Rb1 Ra8
41. Bc2 Ra7 42. Kf2 Ra8 43. Bd3 Kf7 44. Rh1 Rh8 45. Ke2 Kf6 46. Kd2 Kf7 47. Kc3
Kf6 48. Kd4 Ke6 49. Be2 Kf6 50. Ne1 Re8 51. Bf3 Rh8 52. Nc2 Ke6 53. Kd3 Kf6 54.
Nd4 Kf7 55. Kc3 Kf6 56. Rh3 Kf7 57. Be2 Kf6 58. Bd3 Rg8 59. Nf3 Rh8 60. Kd4 Ke6
61. Nd2 Kf6 62. Nb1 Rg8 63. Bf1 Re8 64. Nc3 Ra8 65. Be2 Rh8 66. b5 axb5 67. axb5
Ke6 68. Rh1 Ra8 69. Bh5 Nf8 70. b6 Ra3 71. Rxh4 Rb3 72. Bd1 Rb4+ 73. Kd3 Rc4 74.
Na4 Rb4 75. Bc2 Ke7 76. Rh8 Kf7 77. Kc3 Rc4+ 78. Kb3 Kg7 79. Rh5 Kg6 80. g4 Nh7
81. Bd3 Rc1 1-0

[Event "FIDE World Rapid Team"]
[Site "Almaty KAZ"]
[Date "2024.08.04"]
[Round "9.25"]
[White "Short, Nigel D"]
[Black "Isanzhulov, Arystan"]
[Result "1/2-1/2"]
[WhiteTitle "GM"]
[BlackTitle "IM"]
[WhiteElo "2594"]
[BlackElo "2401"]
[WhiteTeam "FIDE Management Board"]
[BlackTeam "Teniz Kazakhstan"]
[WhiteFideId "400025"]
[BlackFideId "13711644"]
[EventDate "2024.08.02"]

1. e4 c5 2. Nf3 e6 3. b3 Nc6 4. Bb2 a6 5. c4 Nf6 6. e5 Ng4 7. h3 Nh6 8. Nc3 d6
9. exd6 Nf5 10. Ne4 Bxd6 11. g4 Nfd4 12. Nxd4 Nxd4 13. Bxd4 cxd4 14. Bg2 Bf4 15.
Nc5 Qg5 16. Nd3 e5 17. Qe2 O-O 18. Be4 Rb8 19. O-O-O b5 20. c5 a5 21. Kb1 Be6
22. f3 Rfc8 23. h4 Qe7 24. Rc1 Bc4 25. bxc4 bxc4+ 26. Ka1 cxd3 27. Qxd3 Rxc5 28.
Rb1 Rxb1+ 29. Rxb1 g6 30. h5 Kg7 31. hxg6 hxg6 32. Rb7 Qf6 33. Kb2 Qe6 34. a3 a4
35. Rb4 Qd7 36. Rb7 Rc7 37. Rxc7 Qxc7 38. Qc2 Qa5 39. d3 Bd2 40. Bc6 Bc3+ 41.
Ka2 Qb6 42. Bxa4 Qb7 43. Qe2 Qb8 44. Bb3 Qc7 45. g5 Qa5 46. Qh2 Kg8 47. f4 Bb4
48. a4 Be7 49. f5 Qb4 50. Qc2 gxf5 51. g6 Qa3+ 52. Kb1 Qb4 53. gxf7+ Kg7 54.
Qg2+ Kf6 55. Qc6+ Kg7 56. Kc2 e4 57. Qc4 Qxc4+ 58. Bxc4 e3 59. Kd1 Bb4 60. Ke2
Kf8 61. Kf3 Ke7 62. Bb3 Ba5 63. Be6 Bb4 64. Bc4 1/2-1/2

[Event "FIDE World Rapid Team"]
[Site "Almaty KAZ"]
[Date "2024.08.04"]
[Round "9.26"]
[White "Ismagambetov, Anuar"]
[Black "Bologan, Victor"]
[Result "0-1"]
[WhiteTitle "GM"]
[BlackTitle "GM"]
[WhiteElo "2520"]
[BlackElo "2598"]
[WhiteTeam "Teniz Kazakhstan"]
[BlackTeam "FIDE Management Board"]
[WhiteFideId "13701525"]
[BlackFideId "13900048"]
[EventDate "2024.08.02"]

1. e4 e5 2. Nf3 Nc6 3. Bb5 a6 4. Ba4 Nf6 5. O-O d6 6. Bxc6+ bxc6 7. Re1 Bg4 8.
h3 Bxf3 9. Qxf3 Nd7 10. Na3 g6 11. d4 Bg7 12. dxe5 Nxe5 13. Qg3 O-O 14. c3 Re8
15. Bg5 Qb8 16. Re2 a5 17. Rae1 a4 18. Kh1 Ra5 19. Bc1 Nd7 20. Nc2 Qb7 21. f4 c5
22. Qd3 Re7 23. e5 dxe5 24. fxe5 Qa6 25. c4 Qe6 26. Bg5 Re8 27. Na3 Nxe5 28. Qd2
Raa8 29. Bf4 Qf5 30. Nb5 Red8 31. Qe3 Nd3 32. Bxc7 Nxe1 33. Bxd8 Qf1+ 34. Kh2
Rxd8 35. Rxe1 Qxc4 36. Na7 Qa6 37. Qxc5 Bf8 38. Qg5 Rb8 39. Qe3 Ra8 0-1

[Event "FIDE World Rapid Team"]
[Site "Almaty KAZ"]
[Date "2024.08.04"]
[Round "9.27"]
[White "Al-Mudahka, Mohd"]
[Black "Mamedov, Edgar"]
[Result "1-0"]
[WhiteTitle "GM"]
[BlackTitle "FM"]
[WhiteElo "2542"]
[BlackElo "2443"]
[WhiteTeam "FIDE Management Board"]
[BlackTeam "Teniz Kazakhstan"]
[WhiteFideId "12100030"]
[BlackFideId "13739980"]
[EventDate "2024.08.02"]

1. e4 c5 2. Nc3 e6 3. Nf3 Nc6 4. d4 cxd4 5. Nxd4 Nf6 6. g3 d5 7. Bg2 Bc5 8. Nb3
Bb4 9. O-O Bxc3 10. exd5 exd5 11. bxc3 O-O 12. Re1 Bg4 13. Qd3 Rc8 14. Bf4 Bh5
15. Bg5 h6 16. Bxf6 Qxf6 17. Qxd5 Bg6 18. Qb5 b6 19. Re3 Bxc2 20. Rae1 Nb8 21.
Nd4 Bg6 22. h4 a6 23. Qd5 Rcd8 24. Qb7 b5 25. Re7 Qd6 26. Qf3 b4 27. h5 Bh7 28.
Nb3 bxc3 29. Qxc3 Nd7 30. Na5 Rc8 31. Nc4 Qc7 32. Qd2 Qxc4 33. Rxd7 Qb5 34. Qd5
Rc5 35. Qd6 Rcc8 36. Bd5 Bf5 37. Rxf7 Rxf7 38. Re7 Kh8 39. Rxf7 Re8 40. Rf8+ Kh7
41. Bg8+ Kh8 42. Bf7+ 1-0

[Event "FIDE World Rapid Team"]
[Site "Almaty KAZ"]
[Date "2024.08.04"]
[Round "9.28"]
[White "Sapenov, Daniyal"]
[Black "Zhu, Chen"]
[Result "1-0"]
[WhiteTitle "FM"]
[BlackTitle "GM"]
[WhiteElo "2311"]
[BlackElo "2423"]
[WhiteTeam "Teniz Kazakhstan"]
[BlackTeam "FIDE Management Board"]
[WhiteFideId "13728911"]
[BlackFideId "8600546"]
[EventDate "2024.08.02"]

1. e4 c5 2. Nf3 d6 3. Nc3 Nf6 4. Be2 g6 5. d4 cxd4 6. Nxd4 Bg7 7. O-O O-O 8. Re1
Nc6 9. Nb3 a6 10. Bf1 b5 11. Nd5 Bb7 12. c3 Re8 13. Bg5 Nxd5 14. exd5 Ne5 15. a4
Nc4 16. Bc1 Qc7 17. a5 e6 18. dxe6 fxe6 19. Qg4 e5 20. Qh4 Rf8 21. Re2 Rf5 22.
Qg3 Raf8 23. h4 Bd5 24. Qd3 Qf7 25. Qg3 Qc7 26. Bg5 h6 27. Bc1 Kh7 28. Nd2 Nxa5
29. b4 Nc4 30. Rxa6 Bb7 31. Ra7 Qb6 32. Nxc4 Qxa7 33. Nxd6 R5f6 34. Nxb7 Qxb7
35. Be3 Ra6 36. Re1 Qd5 37. Bc5 Rb8 38. Bd3 h5 39. Qe3 Qd8 40. Qe4 Qf6 41. Qe2
Qxh4 42. Bxb5 Ra3 43. c4 Rd8 44. Bc6 Rad3 45. Bd5 Rc3 46. Be3 e4 47. b5 Rb3 48.
Qc2 Rd3 49. b6 Qg4 50. Qe2 Qf5 51. b7 Rb3 52. Qc2 Rb4 53. Bxe4 Qf7 54. Qe2 Kh8
55. Bg5 Re8 56. f3 Rxb7 57. Be3 Rb3 58. Rd1 Qf6 1-0

[Event "FIDE World Rapid Team"]
[Site "Almaty KAZ"]
[Date "2024.08.04"]
[Round "9.29"]
[White "Turlej, Lukasz"]
[Black "Balabayeva, Xeniya"]
[Result "0-1"]
[BlackTitle "WIM"]
[WhiteElo "2105"]
[BlackElo "2335"]
[WhiteTeam "FIDE Management Board"]
[BlackTeam "Teniz Kazakhstan"]
[WhiteFideId "1125680"]
[BlackFideId "13719688"]
[EventDate "2024.08.02"]

1. d4 d5 2. c4 e6 3. cxd5 exd5 4. Nc3 Nf6 5. Qc2 c6 6. Nf3 Bb4 7. Bg5 h6 8. Bxf6
Qxf6 9. e3 Bf5 10. Bd3 Bxd3 11. Qxd3 Nd7 12. O-O O-O 13. a3 Bd6 14. Rab1 Rae8
15. b4 Qe7 16. Na4 f5 17. Nc5 Nb6 18. Ne5 Bxe5 19. dxe5 f4 20. exf4 Rxf4 21. g3
Rff8 22. e6 Qf6 23. Rbe1 Re7 24. f4 h5 25. a4 Qf5 26. Qd4 Nc4 27. a5 Rfe8 28.
Re2 b6 29. axb6 axb6 30. Nd7 Rxe6 31. Rxe6 Rxe6 32. Nxb6 Re2 33. Rf2 Re1+ 34.
Kg2 Ne3+ 35. Kf3 Qg4# 0-1

[Event "FIDE World Rapid Team"]
[Site "Almaty KAZ"]
[Date "2024.08.04"]
[Round "9.30"]
[White "Fedorov, Grigory"]
[Black "Musauly, Nurali"]
[Result "1/2-1/2"]
[WhiteElo "1904"]
[BlackElo "1816"]
[WhiteTeam "Teniz Kazakhstan"]
[BlackTeam "FIDE Management Board"]
[WhiteFideId "4123530"]
[BlackFideId "447000678"]
[EventDate "2024.08.02"]

1. e4 c5 2. Nc3 d6 3. d4 cxd4 4. Qxd4 Nc6 5. Qd2 g6 6. b3 Bh6 7. f4 Nf6 8. Bb2
O-O 9. O-O-O e5 10. g3 Re8 11. Bg2 Bg4 12. Rf1 Nd4 13. h3 Bd7 14. Kb1 b5 15. g4
b4 16. g5 bxc3 17. Bxc3 Bg7 18. gxf6 Bxf6 19. Nf3 Nxf3 20. Rxf3 Qc7 21. Rd1 Bc6
22. Qxd6 Qxd6 23. Rxd6 Re6 24. Rxe6 fxe6 25. fxe5 Be7 26. Rf1 Rc8 27. Kb2 Rd8
28. a4 Kg7 29. Re1 h5 30. Bf1 Rb8 31. Bc4 Bxa4 32. Ra1 Bc6 33. Rxa7 Kf8 34. Bxe6
Bxe4 35. Bc4 Bf5 36. Bf1 g5 37. Ra6 g4 38. hxg4 hxg4 39. Rh6 Kg7 40. Ra6 Kf8 41.
Bg2 g3 42. Be1 Rc8 43. c4 Rd8 44. Bd5 g2 45. Bxg2 Rd1 46. Ra8+ Kg7 47. Bc3 Rb1+
48. Ka2 Rc1 49. Bb2 Rg1 50. Bd5 Bb1+ 51. Ka1 Bf5+ 52. Ka2 Bb1+ 53. Ka1 Bf5+ 1/2-1/2

[Event "FIDE World Rapid Team"]
[Site "Almaty KAZ"]
[Date "2024.08.04"]
[Round "9.32"]
[White "Suleimen, Ergali"]
[Black "Shubin, Kirill"]
[Result "1-0"]
[WhiteTitle "FM"]
[BlackTitle "IM"]
[WhiteElo "2334"]
[BlackElo "2459"]
[WhiteTeam "GMs Kazahhstan"]
[BlackTeam "World Champions Higher School"]
[WhiteFideId "13724452"]
[BlackFideId "34119962"]
[EventDate "2024.08.02"]

1. e4 e6 2. d4 d5 3. Nc3 Nf6 4. Bg5 dxe4 5. Nxe4 Be7 6. Bxf6 gxf6 7. Nf3 f5 8.
Nc3 a6 9. Qd2 b5 10. O-O-O Bb7 11. d5 b4 12. Bc4 bxc3 13. Qxc3 e5 14. Nxe5 O-O
15. d6 Bxd6 16. Nxf7 Rxf7 17. Qb3 Bc6 18. Bxf7+ Kg7 19. Bd5 a5 20. Bxc6 Qg5+ 21.
Kb1 Nxc6 22. Rxd6 1-0

[Event "FIDE World Rapid Team"]
[Site "Almaty KAZ"]
[Date "2024.08.04"]
[Round "9.33"]
[White "Faizrakhmanov, Ramil"]
[Black "Akhilbay, Imangali"]
[Result "0-1"]
[WhiteTitle "IM"]
[BlackTitle "FM"]
[WhiteElo "2424"]
[BlackElo "2279"]
[WhiteTeam "World Champions Higher School"]
[BlackTeam "GMs Kazahhstan"]
[WhiteFideId "24103209"]
[BlackFideId "13734857"]
[EventDate "2024.08.02"]

1. e4 e6 2. d4 d5 3. e5 c5 4. c3 Nc6 5. Nf3 Nge7 6. Na3 Bd7 7. Nc2 Qa5 8. dxc5
Ng6 9. b4 Qc7 10. Ncd4 Ncxe5 11. Nxe5 Qxe5+ 12. Be3 Be7 13. Be2 f5 14. O-O f4
15. Bd2 Qf6 16. Bg4 Rd8 17. Re1 e5 18. Bxd7+ Rxd7 19. Nb3 Qf5 20. Qb1 Qh5 21.
Qd1 Qf5 22. Qb1 Qg5 23. Qd3 Qh5 24. c4 e4 25. Qf1 O-O 26. cxd5 e3 27. Bc3 exf2+
28. Qxf2 Bh4 29. Qe2 f3 30. Qe6+ Rdf7 31. Re3 fxg2 32. Re4 Bf2+ 33. Kxg2 Qf3+
34. Kf1 Bg3+ 35. Kg1 Qf2+ 0-1

[Event "FIDE World Rapid Team"]
[Site "Almaty KAZ"]
[Date "2024.08.04"]
[Round "9.34"]
[White "Petukhov, Alan"]
[Black "Orlov, Oleg"]
[Result "1/2-1/2"]
[BlackTitle "FM"]
[WhiteElo "2224"]
[BlackElo "2254"]
[WhiteTeam "GMs Kazahhstan"]
[BlackTeam "World Champions Higher School"]
[WhiteFideId "13731190"]
[BlackFideId "4166612"]
[EventDate "2024.08.02"]

1. c4 e5 2. Nc3 Nf6 3. Nf3 e4 4. Ng5 c6 5. Ngxe4 Nxe4 6. Nxe4 d5 7. Nc3 dxc4 8.
a4 Be6 9. g3 Na6 10. Bg2 Nc5 11. O-O Be7 12. Qc2 Qd7 13. Ne4 Nb3 14. Rb1 O-O-O
15. a5 Nd4 16. Qd1 f5 17. Nc3 h5 18. a6 b5 19. e3 Nb3 20. e4 h4 21. d4 Nxd4 22.
Be3 Bf6 23. Bxd4 Bxd4 24. Qf3 hxg3 25. Qxg3 f4 26. Qxf4 g5 27. Qg3 Qg7 28. Rbd1
Be5 29. Rxd8+ Kxd8 30. Rd1+ Kc8 31. Qe3 Bxh2+ 32. Kf1 Be5 33. Nd5 cxd5 34. exd5
Bf5 35. d6 Bd3+ 36. Rxd3 cxd3 37. Qc5+ Kd8 38. Bb7 Kd7 39. Qxa7 Ke6 40. Qc5 Bxd6
41. Qd5+ Ke7 42. Qe4+ Qe5 43. a7 Rh1+ 44. Kg2 Rh2+ 45. Kf3 d2 46. Ke2 Rxf2+ 47.
Kxf2 Qxe4 48. Bxe4 d1=Q 49. a8=Q Bc5+ 50. Kg3 Bd6+ 51. Kf2 Bc5+ 52. Kg3 Qg1+ 53.
Bg2 Qe3+ 54. Qf3 Bd6+ 55. Kg4 Qe5 56. Qe4 Kf6 57. Qxe5+ Bxe5 58. Bc6 b4 59. b3
Bf4 60. Bd5 Ke5 61. Bc4 1/2-1/2

[Event "FIDE World Rapid Team"]
[Site "Almaty KAZ"]
[Date "2024.08.04"]
[Round "9.35"]
[White "Serikbay, Assel"]
[Black "Kaliakhmet, Elnaz"]
[Result "1/2-1/2"]
[WhiteTitle "WIM"]
[BlackTitle "WFM"]
[WhiteElo "2237"]
[BlackElo "2137"]
[WhiteTeam "World Champions Higher School"]
[BlackTeam "GMs Kazahhstan"]
[WhiteFideId "13706799"]
[BlackFideId "13730169"]
[EventDate "2024.08.02"]

1. d4 d5 2. Nf3 e6 3. c4 a6 4. cxd5 exd5 5. Nc3 h6 6. Bf4 Nf6 7. e3 Bd6 8. Bxd6
Qxd6 9. Bd3 Bg4 10. h3 Be6 11. Qb3 Nc6 12. Rc1 O-O 13. O-O Ne7 14. Ne2 b6 15.
Qc3 Rfc8 16. b4 Bf5 17. Bxf5 Nxf5 18. Ne5 Ne4 19. Qb2 c5 20. bxc5 bxc5 21. dxc5
Nxc5 22. Rfd1 Rab8 23. Qa1 Ne4 24. Nf3 Rc5 25. Rxc5 Nxc5 26. Nf4 Ne7 27. Qc3 Ne4
28. Qd4 Rb4 29. Qd3 Qc5 30. Qxa6 Nxf2 31. Kxf2 Rxf4 32. Rd4 Qc2+ 33. Qe2 Qxe2+
34. Kxe2 Rf6 35. a4 Rb6 36. Nd2 Rb2 37. Kf3 f6 38. e4 dxe4+ 39. Kxe4 Kf7 40. g4
Ke6 41. Nf3 Nc6 42. Rc4 Ne7 43. Nd4+ Kd7 44. Nf5 Re2+ 45. Kf3 Rh2 46. Kg3 Rd2
47. Nxg7 Rd3+ 48. Kg2 Rd2+ 49. Kf3 Rd3+ 50. Ke4 Rxh3 51. Rd4+ Kc6 52. Rc4+ Kb6
53. Rb4+ Kc6 54. a5 Ra3 55. Rb6+ Kd7 56. Rxf6 Ra4+ 57. Kf3 Rxa5 58. Rxh6 Ng8 59.
Rb6 Ke7 60. Nf5+ Kf7 61. Kf4 Nf6 62. Rb7+ Ke6 63. Ng7+ Kd6 64. g5 Nd5+ 65. Kg4
Ra4+ 66. Kh5 Ra1 67. Kg6 Ke5 68. Rb5 Rg1 69. Ne8 Ke6 70. Ng7+ Ke5 71. Nh5 Ke6
72. Ra5 Ne7+ 73. Kh7 Rh1 74. Kh6 Nf5+ 75. Kg6 Ne7+ 76. Kh6 Nf5+ 77. Kg6 Ne7+ 78.
Kh6 Nf5+ 79. Kg6 Ne7+ 80. Kh6 1/2-1/2

[Event "FIDE World Rapid Team"]
[Site "Almaty KAZ"]
[Date "2024.08.04"]
[Round "9.37"]
[White "Kozganbay, Erkin"]
[Black "Utegaliyev, Azamat"]
[Result "0-1"]
[WhiteTitle "FM"]
[WhiteElo "2293"]
[BlackElo "2418"]
[WhiteTeam "Chess Ratel"]
[BlackTeam "Greco"]
[WhiteFideId "13703773"]
[BlackFideId "13702467"]
[EventDate "2024.08.02"]

1. Nf3 Nf6 2. c4 g6 3. g3 Bg7 4. Bg2 O-O 5. O-O d6 6. Nc3 Nc6 7. d3 Bf5 8. e4
Bg4 9. h3 Bxf3 10. Bxf3 Nd4 11. Bg2 Nd7 12. Rb1 c5 13. Be3 e6 14. Ne2 Nxe2+ 15.
Qxe2 Ne5 16. b4 cxb4 17. Rxb4 b6 18. Rbb1 Nc6 19. Kh2 Nd4 20. Qd2 Rc8 21. f4 Qf6
22. f5 Qe5 23. Qf2 exf5 24. Bxd4 Qxd4 25. Qxd4 Bxd4 26. exf5 Rc5 27. Bd5 Ra5 28.
Rbe1 Rxa2+ 29. Kh1 g5 30. Re4 Bf6 31. Rfe1 Rd2 32. R4e3 a5 33. R1e2 Rd1+ 34. Kg2
Ra1 35. Re1 Rxe1 36. Rxe1 a4 37. Re2 a3 38. Kf3 Rc8 39. Kg4 Kf8 40. Kh5 Rc5 41.
d4 Bxd4 42. Kxg5 Bb2 43. f6 a2 44. Rxb2 a1=Q 45. Rxb6 Qe5+ 46. Kg4 Rxc4+ 47.
Bxc4 Qd4+ 48. Kf5 Qxb6 49. Ke4 Qf2 50. Bd3 Qxg3 51. Bc4 Qxh3 52. Bd5 Qh1+ 53.
Kd4 Qa1+ 54. Ke4 Qe5+ 55. Kd3 Qxd5+ 56. Kc3 h5 57. Kb4 h4 58. Kc3 h3 59. Kb4 h2
60. Kc3 h1=Q 61. Kb4 Qb1+ 0-1

[Event "FIDE World Rapid Team"]
[Site "Almaty KAZ"]
[Date "2024.08.04"]
[Round "9.38"]
[White "Aligozhin, Zhaslan"]
[Black "Kassimov, Baurzhan"]
[Result "0-1"]
[WhiteTitle "FM"]
[BlackTitle "IM"]
[WhiteElo "2333"]
[BlackElo "2260"]
[WhiteTeam "Greco"]
[BlackTeam "Chess Ratel"]
[WhiteFideId "13702734"]
[BlackFideId "13704800"]
[EventDate "2024.08.02"]

1. e4 c5 2. Nf3 d6 3. d4 cxd4 4. Nxd4 Nf6 5. Nc3 a6 6. a4 g6 7. Be2 Bg7 8. O-O
O-O 9. Be3 Nc6 10. Qd2 Bd7 11. Rfd1 Rc8 12. Nxc6 Bxc6 13. f3 Nd7 14. a5 Nc5 15.
Bd4 Bxd4+ 16. Qxd4 Qc7 17. Qe3 Rfd8 18. h4 e6 19. h5 Qe7 20. Rd2 Nd7 21. Rad1
Nf6 22. Qg5 Kf8 23. Qh6+ Kg8 24. Qg5 Kf8 25. Qh6+ Kg8 26. Qg5 Kg7 27. h6+ Kf8
28. e5 dxe5 29. Qxe5 Rxd2 30. Rxd2 Rd8 31. Rxd8+ Qxd8 32. b4 Ke7 33. Qe3 Qd6 34.
b5 axb5 35. Bxb5 Bd5 36. Bf1 Nd7 37. Nb5 Qb4 38. Qc3 Qc5+ 39. Qxc5+ Nxc5 40. Kf2
e5 41. Ke3 g5 42. g3 Bc6 43. Na3 f5 44. f4 exf4+ 45. gxf4 g4 46. Bc4 Kf6 47. Nb1
Kg6 48. Nd2 Kxh6 49. Nf1 Kg6 50. Kd4 Ne4 51. Ne3 h5 52. Be6 Ng3 53. Ke5 Be4 54.
c4 h4 55. Nxg4 fxg4 56. Bxg4 Kf7 57. c5 Ke7 58. f5 Bxf5 59. c6 bxc6 60. Bxf5
Nxf5 61. a6 Ne3 62. a7 Nc4+ 63. Kd4 Nb6 0-1

[Event "FIDE World Rapid Team"]
[Site "Almaty KAZ"]
[Date "2024.08.04"]
[Round "9.39"]
[White "Nukin, Askhat"]
[Black "Askarov, Bakhtiyar"]
[Result "1-0"]
[WhiteTitle "FM"]
[BlackTitle "IM"]
[WhiteElo "2268"]
[BlackElo "2280"]
[WhiteTeam "Chess Ratel"]
[BlackTeam "Greco"]
[WhiteFideId "13703625"]
[BlackFideId "13701100"]
[EventDate "2024.08.02"]

1. e4 g6 2. d4 Bg7 3. Nc3 d6 4. f4 a6 5. Nf3 b5 6. Bd3 c5 7. dxc5 dxc5 8. e5 Bb7
9. Qe2 Nh6 10. a4 b4 11. Ne4 Qc8 12. Nf6+ Kf8 13. Ne4 Nf5 14. g4 Nd4 15. Nxd4
cxd4 16. Bd2 a5 17. Rf1 Kg8 18. f5 Bxe5 19. Ng5 Bf6 20. Bc4 Ba6 21. Bxf7+ Kg7
22. Qe4 Bxf1 23. fxg6 Bxg5 24. Bxg5 Nc6 25. Kxf1 Rf8 26. Kg1 Qc7 27. Re1 Ra6 28.
Qd3 Qc8 29. Qh3 h5 30. Bh6+ Kxh6 31. Qxh5+ Kg7 32. Qh7+ Kf6 33. g5+ Kxg5 34. Be6
Qb8 35. g7 Ra8 36. h4+ Kf6 37. Qh6# 1-0

[Event "FIDE World Rapid Team"]
[Site "Almaty KAZ"]
[Date "2024.08.04"]
[Round "9.40"]
[White "Suleyev, Alen"]
[Black "Ulkhanov, Azamat"]
[Result "1-0"]
[WhiteTitle "FM"]
[WhiteElo "2084"]
[BlackElo "2006"]
[WhiteTeam "Greco"]
[BlackTeam "Chess Ratel"]
[WhiteFideId "13707213"]
[BlackFideId "13700235"]
[EventDate "2024.08.02"]

1. d4 Nf6 2. c4 d6 3. Nf3 g6 4. Nc3 Bg7 5. e4 O-O 6. Be2 e5 7. O-O Nc6 8. d5 Ne7
9. Ne1 Nd7 10. Nd3 f5 11. Bd2 c5 12. dxc6 Nxc6 13. exf5 gxf5 14. Nb5 Nc5 15. Be3
Ne6 16. f4 a6 17. Nc3 Ned4 18. Nd5 Be6 19. Rc1 b5 20. cxb5 axb5 21. Bxd4 Bxd5
22. Be3 Rxa2 23. Rxc6 Rxb2 24. Rc3 Rxe2 25. Qxe2 Bc4 26. Rxc4 bxc4 27. Nb4 d5
28. Rd1 exf4 29. Bf2 Re8 30. Qc2 f3 31. Nxd5 fxg2 32. Qxc4 Kh8 33. Ne3 Qg5 34.
Nxg2 Be5 35. Bd4 Qg7 36. Bxe5 Qxe5 37. Re1 Qxe1+ 38. Nxe1 Rxe1+ 39. Kf2 Re7 40.
Qc5 Rf7 41. Kf3 f4 42. Qg5 Rg7 43. Qe5 h6 44. Kxf4 Kh7 45. h4 Rf7+ 46. Kg4 Ra7
47. Qe4+ Kg8 48. Qe8+ Kg7 49. Qe5+ Kg8 50. Qb8+ 1-0

[Event "FIDE World Rapid Team"]
[Site "Almaty KAZ"]
[Date "2024.08.04"]
[Round "9.41"]
[White "Gein, Dmitriy"]
[Black "Nasybullina, Alfia"]
[Result "0-1"]
[BlackTitle "WIM"]
[WhiteElo "1723"]
[BlackElo "2034"]
[WhiteTeam "Chess Ratel"]
[BlackTeam "Greco"]
[WhiteFideId "13781022"]
[BlackFideId "4132416"]
[EventDate "2024.08.02"]

1. c4 e5 2. Nc3 d6 3. Nf3 g6 4. d4 Nd7 5. e4 Bg7 6. d5 a5 7. h3 Nc5 8. g4 Nf6 9.
Bd3 Nxd3+ 10. Qxd3 Nd7 11. Be3 b6 12. Nd2 Nc5 13. Bxc5 bxc5 14. b3 h5 15. gxh5
Rxh5 16. O-O-O Bd7 17. a4 Qh4 18. Rh2 Qf4 19. Rdh1 Bh6 20. Ne2 Qf6 21. h4 Bf4
22. Ng3 Rh8 23. h5 Ke7 24. hxg6 Rxh2 25. Rxh2 Qxg6 26. Rg2 Qh6 27. Kc2 Qh3 28.
Rg1 Qh2 29. Qf1 Qh7 30. Qg2 Rb8 31. Ndf1 Qh8 32. Ne3 Bxe3 33. fxe3 Qh6 34. Qf3
Qh2+ 35. Rg2 Qh3 36. Qf2 Rh8 37. Nf5+ Kd8 38. Qd2 Bxf5 39. exf5 Qxf5+ 40. Kb2
Rh1 41. Qc2 Qf1 42. Kc3 Qa1+ 43. Kd3 Rd1+ 44. Rd2 Rxd2+ 45. Qxd2 f5 46. Qxa5
Qd1+ 0-1

[Event "FIDE World Rapid Team"]
[Site "Almaty KAZ"]
[Date "2024.08.04"]
[Round "9.42"]
[White "Kabylbek, Yedil"]
[Black "Momyn, Madina"]
[Result "1-0"]
[WhiteElo "1857"]
[BlackElo "1733"]
[WhiteTeam "Greco"]
[BlackTeam "Chess Ratel"]
[WhiteFideId "13744658"]
[BlackFideId "13748866"]
[EventDate "2024.08.02"]

1. d4 Nf6 2. Nc3 d5 3. Bf4 c6 4. e3 Bf5 5. Nf3 e6 6. Ne5 Nbd7 7. g4 Bg6 8. h4 h5
9. Nxg6 fxg6 10. g5 Ng4 11. Bd3 Bb4 12. Bxg6+ Ke7 13. f3 e5 14. fxg4 exf4 15.
exf4 Qc7 16. O-O Raf8 17. Qf3 hxg4 18. Qxg4 Bd6 19. Rae1+ Kd8 20. Ne2 Nb6 21. b3
Nc8 22. Bd3 Ne7 23. f5 a6 24. Kg2 Qa5 25. Nf4 Bxf4 26. Qxf4 Qa3 27. Re6 Kd7 28.
Rfe1 Re8 29. Kg3 Rhf8 30. Qg4 Kd8 31. Qf4 Kd7 32. Qe5 Rf7 33. Rg6 Kc8 34. Qe6+ 1-0